Mobility Training (Record no. 11352)
[ view plain ]
| 000 -LEADER | |
|---|---|
| fixed length control field | 00266nam a22000977a 4500 |
| 008 - FIXED-LENGTH DATA ELEMENTS--GENERAL INFORMATION | |
| fixed length control field | 190313b ||||| |||| 00| 0 eng d |
| 020 ## - INTERNATIONAL STANDARD BOOK NUMBER | |
| International Standard Book Number | 0851340792 |
| 100 ## - MAIN ENTRY--PERSONAL NAME | |
| Personal name | Brook Norman |
| 9 (RLIN) | 7092 |
| 245 ## - TITLE STATEMENT | |
| Title | Mobility Training |
| 260 ## - PUBLICATION, DISTRIBUTION, ETC. (IMPRINT) | |
| Place of publication, distribution, etc. | Birmingham |
| Name of publisher, distributor, etc. | Brieish Athletic Federation |
| Date of publication, distribution, etc. | 1997 |
| Withdrawn status | Lost status | Source of classification or shelving scheme | Damaged status | Koha normalized classification for sorting | Not for loan | Home library | Current library | Shelving location | Date acquired | Total Checkouts | Total Renewals | Full call number | Barcode | Date last seen | Date last checked out | Price effective from | Koha item type |
|---|---|---|---|---|---|---|---|---|---|---|---|---|---|---|---|---|---|
| Dewey Decimal Classification | 796_000000000000000_L2 | Good Samaritan School Library | Good Samaritan School Library | Sports & Games | 03/13/2019 | 2 | 1 | 796 L-2 | BRO15238 | 07/14/2025 | 07/01/2025 | 03/13/2019 | BOOK |